| 000 | 00000nam##2200000za#4500 |
| 001 | 9.691270 |
| 003 | CaOODSP |
| 005 | 20210624232708 |
| 007 | cr ||||||||||| |
| 008 | 150407|2007||||xxc|||||o f|0| 0 eng|d |
| 040 | |aCaOODSP|beng |
| 043 | |an-cn--- |
| 086 | 1 |aM31-9/2007E-PDF |
| 110 | 1 |aCanada.|bNatural Resources Canada. |bMinerals and Metals Sector. |
| 245 | 10|aResearch and development in Canada's mining and mineral processing industries |h[electronic resource] |
| 246 | 1 |iAt head of title : |aInformation Bulletin January 2007 - Research and Development |
| 260 | |aOttawa - Ontario : |bNatural Resources Canada. |cJanuary 2007. |
| 300 | |a2p.|bfig., graph, map |
| 590 | |a14-19-Supp|b2014-11-03 |
| 690 | 07|aMining industry|2gcpds |
| 690 | 07|aResearch and development|2gcpds |
| 775 | 08|tLa recherche-développement dans les industries de l'exploitation minière et du traitement des minéraux au Canada |w(CaOODSP)9.635601 |
| 856 | 40|ahttp://publications.gc.ca|qPDF|s574 KB|uhttps://publications.gc.ca/collections/collection_2014/rncan-nrcan/M31-9-2007-eng.pdf |